000 00826nam a2200229 a 4500
001 83514
003 BD-RjUL
005 20240417103026.0
008 030627s1904 ua 000 0 ara d
035 _a(BD-RjUL)83514
040 _aTAU
_beng
_cBD-RjUL
041 0 _aara
082 _223
_a297.5
_bKHK 1904
100 1 _a خان, سيد احمد ،Khan, Syed Ahmed
_dم. ١٠٣٠
_912596
245 1 5 _aكتاب تهذيب الاخلاق /Kitāb Tahdhīb al-akhlāq, /
_cسر سيد احمد خان ;; Sir Syed ahmad Khan
260 _aLahore :
_bالمطبعة الخيرية،
_c[١٩٠٤ م. .]
300 _aV. ; [620 p.] ;
_c22 cm
505 _aVol. 2 pt. 1-2.مضامين انريبل .- مضامين مذهبي وعلمي .--
650 4 _aIslamic ethics.
650 4 _aIslam
_xDoctrines
942 _2ddc
_cBK
999 _c83514
_d83514